000 01442cam a2200169 4500500
005 20260222001015.0
041 _afre
042 _adc
100 1 0 _aJoma, Nazlli
_eauthor
700 1 0 _aFougeras, Sandra
_eauthor
245 0 0 _aUvwomojowa: cuando lo colectivo viene a sanar
260 _c2026.
500 _a9
520 _aEl ciclón Chido, seguido de la tormenta Dikeledi, destruyó gran parte de la isla de Mayotte, en diciembre de 2024 y enero 2025, afectando a toda la población, que se encuentra muy quebrantada. Desde la reapertura del CMPEA (Centro Médico Psicológico para Niños y Adolescentes), se reanudaron las consultas de psiquiatría infantil a pesar de las dificultades logísticas. Se dio la palabra a los niños que ya estaban en tratamiento y a sus familias, junto con consultas específicas posteriores al Chido para solicitudes relacionadas con los acontecimientos climáticos. Este estudio se centra en las primeras consultas que tuvieron lugar tras el ciclón, entre el 31 de diciembre de 2024 y el 11 de abril de 2025: se recopilaron los comentarios de los niños para mostrar cómo pudieron dar cuenta de su percepción del ciclón a pesar de todas las dificultades inherentes a sus patologías.
786 0 _nL’Information Psychiatrique | 102 | 1 | 2026-02-04 | p. 47-49 | 0020-0204
856 4 1 _uhttps://stm.cairn.info/revista-linformation-psychiatrique-2026-1-page-47?lang=es&redirect-ssocas=7080
999 _c1664050
_d1664050